[Event "IECC O-1907"]
[Site "IECC email"]
[Date "2004.02.26"]
[Round "?"]
[White "Posigian, Steven"]
[Black "Ringbom, Pasi"]
[Result "0-1"]
[WhiteElo "1307"]
[BlackElo "1287"]
[PlyCount "110"]
[EventDate "2004.??.??"]
[EventType "swiss (corr)"]
[EventRounds "2"]
[SourceTitle "Corr 2020"]
[Source "ChessBase"]
[SourceDate "2019.09.30"]
[SourceVersion "1"]
[SourceVersionDate "2019.09.30"]
[SourceQuality "1"]
[WhiteTeam "United States"]
[BlackTeam "Finland"]
[WhiteTeamCountry "USA"]
[BlackTeamCountry "FIN"]

1. d4 e6 2. e4 d5 3. Nd2 dxe4 4. Nxe4 Bd7 5. Nf3 Bc6 6. Bd3 Nd7 7. 0-0 Ngf6 8. Qe2 Nxe4 9. Bxe4 Bxe4 10. Qxe4 c6 11. Bf4 Nf6 12. Qd3 Be7 13. Be5 h6 14. c4 Bd6 15. Qb3 Rb8 16. Rad1 0-0 17. Nd2 Qe7 18. Rfe1 Ng4 19. Bg3 Bxg3 20. Qxg3 Nf6 21. Nb3 Rbd8 22. Qf3 Rfe8 23. Nc5 b6 24. Ne4 Nd7 25. b3 c5 26. Qg3 Nf6 27. Nxf6+ Qxf6 28. dxc5 bxc5 29. Qc7 Rxd1 30. Rxd1 Qb2 31. Qxa7 Qc2 32. Rf1 Rd8 33. Qxc5 Qxa2 34. b4 Qe2 35. h3 Qd3 36. Ra1 Rd4 37. Ra8+ Kh7 38. Rc8 Qc3 39. g4 Qe1+ 40. Kg2 Qe4+ 41. Kh2 Rd1 42. Qc6 Rh1+ 43. Kg3 Qd3+ 44. Qf3 Rxh3+ 45. Kxh3 Qxf3+ 46. Kh2 Qxf2+ 47. Kh3 Qe3+ 48. Kg2 Qd2+ 49. Kf1 Qxb4 50. Kf2 Qb7 51. Rf8 Kg6 52. c5 Qc6 53. Kg3 Qxc5 54. Rg8 Qe3+ 55. Kg2 e5 0-1

[Event "IECC O-1605"]
[Site "IECC email"]
[Date "2003.04.16"]
[Round "?"]
[White "Sides, Ramon J"]
[Black "Posigian, Steven"]
[Result "1-0"]
[WhiteElo "1400"]
[BlackElo "1335"]
[PlyCount "84"]
[EventDate "2003.??.??"]
[EventType "swiss (corr)"]
[EventRounds "2"]
[SourceTitle "Corr 2020"]
[Source "ChessBase"]
[SourceDate "2019.09.30"]
[SourceVersion "1"]
[SourceVersionDate "2019.09.30"]
[SourceQuality "1"]
[WhiteTeam "United States"]
[BlackTeam "United States"]
[WhiteTeamCountry "USA"]
[BlackTeamCountry "USA"]

1. e4 Nh6 2. d4 g6 3. Nf3 d5 4. exd5 Qxd5 5. Nc3 Qd6 6. Bc4 Bg7 7. 0-0 Nd7 8. Nb5 Qc6 9. b3 a6 10. d5 Qb6 11. Be3 c5 12. dxc6 Qxc6 13. Nfd4 axb5 14. Nxc6 bxc6 15. Bd3 Bxa1 16. Qxa1 0-0 17. Bxh6 f6 18. Bxf8 Kxf8 19. a4 bxa4 20. bxa4 Ne5 21. Re1 Ra5 22. Rb1 Kg7 23. Rb8 Bd7 24. Qc3 Rxa4 25. f4 Rxf4 26. Qa3 Kf7 27. Rh8 Ke6 28. Rxh7 Kd5 29. Qxe7 Be6 30. Qd8+ Kc5 31. Bxg6 Nxg6 32. Qa5+ Kd4 33. Qd2+ Ke5 34. Rh5+ f5 35. Rh6 Bf7 36. Qd7 Kf6 37. Qd6+ Kg7 38. Rxg6+ Bxg6 39. Qxf4 c5 40. Qc7+ Kf6 41. Qxc5 f4 42. Qc6+ Kf5 1-0